Forest patrol
Αποθηκεύτηκε σε:
| Κύριος συγγραφέας: | |
|---|---|
| Άλλοι συγγραφείς: | |
| Μορφή: | Βιβλίο |
| Γλώσσα: | English |
| Δημοσίευση: |
New York :
Comet Books,
[1949]
|
| Θέματα: | |
| Ετικέτες: |
Προσθήκη ετικέτας
Δεν υπάρχουν, Καταχωρήστε ετικέτα πρώτοι!
|
MARC
| LEADER | 00000cam a2200000 i 4500 | ||
|---|---|---|---|
| 001 | 1/94886 | ||
| 008 | 081003s1949 eng d | ||
| 035 | |l 10100617 | ||
| 040 | |a GR-MY-UA |b gre |e aacr | ||
| 041 | 0 | |a eng | |
| 082 | 0 | |a 813.5 |2 (22) | |
| 100 | 1 | |a Kjelgaard, Jim |d 1910-1959. | |
| 245 | 1 | 0 | |a Forest patrol / |c Jim Kjelgaard ; illustrated by George Meyerriecks |
| 260 | |a New York : |b Comet Books, |c [1949] | ||
| 300 | |a 243 σ.; |c 18 εκ. | ||
| 650 | 0 | 0 | |a American fiction. |
| 650 | 0 | 0 | |a Children's stories. |
| 650 | 0 | 0 | |a Forest rangers |x Fiction. |
| 700 | 1 | |a Meyerriecks, George. |4 ill | |
| 852 | |a INST |b RHODES |c AKA |e 20081003 |h 813.5 KJE |p 005400030687 |q 005400030687 |t BK |y 0 | ||
| 901 | |a BIBL4-2008-3 | ||
| 909 | |a Ρ |b 153158 | ||
| 970 | |a ΚΟΖΑ |b ΜΑΡΙΑ |z 2008/10/03 | ||